Hegemonic Transformation The State, Laws, and Labour Relations in Post-Socialist China /

This book contends that the Chinese economic reform inaugurated since 1978 has been a top-down passive revolution, in Gramsci's term, and that after three decades of reform the role of the Chinese state has been changing from steering the passive revolution through coercive tactics to establish...

Πλήρης περιγραφή

Λεπτομέρειες βιβλιογραφικής εγγραφής
Κύριος συγγραφέας: Hui, Elaine Sio-ieng (Συγγραφέας, http://id.loc.gov/vocabulary/relators/aut)
Συγγραφή απο Οργανισμό/Αρχή: SpringerLink (Online service)
Μορφή: Ηλεκτρονική πηγή Ηλ. βιβλίο
Γλώσσα:English
Έκδοση: New York : Palgrave Macmillan US : Imprint: Palgrave Macmillan, 2018.
Έκδοση:1st ed. 2018.
Σειρά:Series in Asian Labor and Welfare Policies
Θέματα:
Διαθέσιμο Online:Full Text via HEAL-Link
LEADER 03827nam a2200589 4500
001 978-1-137-50429-6
003 DE-He213
005 20191023191529.0
007 cr nn 008mamaa
008 170908s2018 xxu| s |||| 0|eng d
020 |a 9781137504296  |9 978-1-137-50429-6 
024 7 |a 10.1057/978-1-137-50429-6  |2 doi 
040 |d GrThAP 
050 4 |a JC11-607 
072 7 |a JPA  |2 bicssc 
072 7 |a POL010000  |2 bisacsh 
072 7 |a JPA  |2 thema 
082 0 4 |a 320.01  |2 23 
100 1 |a Hui, Elaine Sio-ieng.  |e author.  |4 aut  |4 http://id.loc.gov/vocabulary/relators/aut 
245 1 0 |a Hegemonic Transformation  |h [electronic resource] :  |b The State, Laws, and Labour Relations in Post-Socialist China /  |c by Elaine Sio-ieng Hui. 
250 |a 1st ed. 2018. 
264 1 |a New York :  |b Palgrave Macmillan US :  |b Imprint: Palgrave Macmillan,  |c 2018. 
300 |a XV, 266 p. 6 illus.  |b online resource. 
336 |a text  |b txt  |2 rdacontent 
337 |a computer  |b c  |2 rdamedia 
338 |a online resource  |b cr  |2 rdacarrier 
347 |a text file  |b PDF  |2 rda 
490 1 |a Series in Asian Labor and Welfare Policies 
505 0 |a 1. Putting the Chinese State in Its Place: The March from Passive Revolution to Hegemony -- 2. The Gramscian Approach to the Chinese State -- 3. The Legal Foundation for Changing State-Capital-Labour Relations -- 4. Workers' Active Consent -- 5. Workers' Passive Consent -- 6. Workers' Refusal to Consent -- 7. Conclusion. . 
520 |a This book contends that the Chinese economic reform inaugurated since 1978 has been a top-down passive revolution, in Gramsci's term, and that after three decades of reform the role of the Chinese state has been changing from steering the passive revolution through coercive tactics to establishing capitalist hegemony. It illustrates that the labour law system is a crucial vehicle through which the Chinese party-state seeks to secure the working class's consent to the capitalist class's ethno-political leadership. The labour law system has exercised a double hegemonic effect with regards to the capital-labour relations and state-labour relations through four major mechanisms. However, these effects have influenced the Chinese migrant workers in an uneven manner. The affirmative workers have granted active consent to the ruling class leadership; the indifferent, ambiguous and critical workers have only rendered passive consent while the radical workers has refused to give any consent at all. 
650 0 |a Political theory. 
650 0 |a Ethnology-Asia. 
650 0 |a Economic sociology. 
650 0 |a Political sociology. 
650 0 |a Sociology. 
650 0 |a Political science. 
650 1 4 |a Political Theory.  |0 http://scigraph.springernature.com/things/product-market-codes/911010 
650 2 4 |a Asian Culture.  |0 http://scigraph.springernature.com/things/product-market-codes/411040 
650 2 4 |a Organizational Studies, Economic Sociology.  |0 http://scigraph.springernature.com/things/product-market-codes/X22020 
650 2 4 |a Political Sociology.  |0 http://scigraph.springernature.com/things/product-market-codes/X22170 
650 2 4 |a Sociology, general.  |0 http://scigraph.springernature.com/things/product-market-codes/X22000 
650 2 4 |a Political Science.  |0 http://scigraph.springernature.com/things/product-market-codes/911000 
710 2 |a SpringerLink (Online service) 
773 0 |t Springer eBooks 
776 0 8 |i Printed edition:  |z 9781137504289 
776 0 8 |i Printed edition:  |z 9781349700196 
776 0 8 |i Printed edition:  |z 9781349700189 
776 0 8 |i Printed edition:  |z 9781349958863 
830 0 |a Series in Asian Labor and Welfare Policies 
856 4 0 |u https://doi.org/10.1057/978-1-137-50429-6  |z Full Text via HEAL-Link 
912 |a ZDB-2-POS 
950 |a Political Science and International Studies (Springer-41174)